MEDICINAL PLANTS OF INDIA (Record no. 6043)

MARC details
000 -LEADER
fixed length control field 00369nam a22001577a 4500
005 - DATE AND TIME OF LATEST TRANSACTION
control field 20200225153825.0
008 - FIXED-LENGTH DATA ELEMENTS--GENERAL INFORMATION
fixed length control field 200225b xxu||||| |||| 00| 0 eng d
020 ## - INTERNATIONAL STANDARD BOOK NUMBER
ISBN 81-239-0277-8
041 ## - LANGUAGE CODE
Language code of text/sound track or separate title eng
100 ## - MAIN ENTRY--AUTHOR NAME
Personal name ZAFAR, RASHEEDUZ
245 ## - TITLE STATEMENT
Title MEDICINAL PLANTS OF INDIA
260 ## - PUBLICATION, DISTRIBUTION, ETC. (IMPRINT)
Place of publication NEW DELHI
Name of publisher CBS
300 ## - PHYSICAL DESCRIPTION
Number of Pages 132p,
650 ## - SUBJECT ADDED ENTRY--TOPICAL TERM
Topical Term PHARMACY
942 ## - ADDED ENTRY ELEMENTS (KOHA)
Koha item type Books
Holdings
Lost status Damaged status Collection code Home library Current library Shelving location Date acquired Source of acquisition Cost, normal purchase price Accession Number Koha item type
    PHARMACY JRU Library JRU Library SHELF-18-F 25/02/2020 PURCHESS 295.00 23693 Books
    Reference JRU Library JRU Library SHELF-3-B 25/02/2020 PURCHESS 295.00 23694 Books